Eastern Utah Libraries Catalog: Duchesne, Heber, Roosevelt, & Vernal

A night in Terror Tower (Record no. 56272)

MARC details
000 -LEADER
fixed length control field 04287cgm a2200901Ka 4500
001 - CONTROL NUMBER
control field ocn232684172
003 - CONTROL NUMBER IDENTIFIER
control field OCoLC
005 - DATE AND TIME OF LATEST TRANSACTION
control field 20241220122344.0
008 - FIXED-LENGTH DATA ELEMENTS--GENERAL INFORMATION
fixed length control field 080627p20081996cau088 j vaeng d
007 - PHYSICAL DESCRIPTION FIXED FIELD--GENERAL INFORMATION
fixed length control field vd cvaizs
040 ## - CATALOGING SOURCE
Original cataloging agency TEFMT
Transcribing agency TEFMT
Modifying agency TEF
-- RLS
-- UINTA
024 1# - OTHER STANDARD IDENTIFIER
Standard number or code 024543529606
028 42 - PUBLISHER NUMBER
Publisher number 2252960
Source 20th Century Fox Home Entertainment
035 ## - SYSTEM CONTROL NUMBER
System control number (OCoLC)232684172
037 ## - SOURCE OF ACQUISITION
Source of stock number/acquisition Midwest Tape
Note http://www.midwesttapes.com
050 14 - LIBRARY OF CONGRESS CALL NUMBER
Classification number PN1992.8.F35
Item number G667438677 2008
082 04 - DEWEY DECIMAL CLASSIFICATION NUMBER
Classification number 791.45/75
Edition number 22
049 ## - LOCAL HOLDINGS (OCLC)
Holding library UCLB
092 ## - LOCALLY ASSIGNED DEWEY CALL NUMBER (OCLC)
Classification number 791.457
245 02 - TITLE STATEMENT
Title A night in Terror Tower
Medium [videorecording] /
Statement of responsibility, etc a Protocol Entertainment Production in association with Scholastic Productions, Inc. ; producer, Steve Levitan ; co-producer, Patrick Doyle ; directed by William Fruet .
246 30 - VARYING FORM OF TITLE
Title proper/short title Goosebumps.
Name of part/section of a work A night in Terror Tower
260 ## - PUBLICATION, DISTRIBUTION, ETC. (IMPRINT)
Place of publication, distribution, etc Beverly Hills, Calif. :
Name of publisher, distributor, etc 20th Century Fox Home Entertainment,
Date of publication, distribution, etc 2008.
300 ## - PHYSICAL DESCRIPTION
Extent 1 videodisc (88 min.) :
Other physical details sd., col. ;
Dimensions 4 3/4 in.
538 ## - SYSTEM DETAILS NOTE
System details note DVD, region 1, full screen (1.33:1) presentation; Dolby Digital 2.0 stereo.
500 ## - GENERAL NOTE
General note Originally seen on television in 1996.
546 ## - LANGUAGE NOTE
Language note Closed-captioned.
500 ## - GENERAL NOTE
General note Title from container.
511 1# - PARTICIPANT OR PERFORMER NOTE
Participant or performer note Host, R.L. Stine ; Kathryn Short (Sue), Corey Sevier (Eddie), Rebecca Henderson (Margaret), Blake McGrath (Casey).
508 ## - CREATION/PRODUCTION CREDITS NOTE
Creation/production credits note Director of photography, Brian R. R. Hebb ; editor, Robert K. Sprogis ; music by Jack Lenz.
500 ## - GENERAL NOTE
General note Based on the novels by R.L. Stine.
521 8# - TARGET AUDIENCE NOTE
Target audience note Not rated.
520 ## - SUMMARY, ETC.
Summary, etc A night in Terror Tower: Sue and Eddie are out sightseeing at the infamous Terror Tower when the wax figures in the Tower's torture chambers starts to move. Suddenly the two are traveling back in time.
505 00 - FORMATTED CONTENTS NOTE
Title A night in Terror Tower /
Statement of responsibility teleplay by Billy Brown & Dan Angel --
Title Stay out of the basement /
Statement of responsibility written by Sean Kelly.
500 ## - GENERAL NOTE
General note Special features: Goosebumps Horrorland game for Wii, DS & PS2; Goosebumps Horrorland: what to expect in Horrorland; Garfield's fun fest; Garfield pet force.
650 #0 - SUBJECT ADDED ENTRY--TOPICAL TERM
Topical term or geographic name as entry element Tourists
Form subdivision Juvenile films.
9 (RLIN) 6509206
650 #0 - SUBJECT ADDED ENTRY--TOPICAL TERM
Topical term or geographic name as entry element Torture sites
Form subdivision Juvenile films.
9 (RLIN) 6509207
650 #0 - SUBJECT ADDED ENTRY--TOPICAL TERM
Topical term or geographic name as entry element Wax figures
Form subdivision Juvenile films.
9 (RLIN) 6509208
650 #0 - SUBJECT ADDED ENTRY--TOPICAL TERM
Topical term or geographic name as entry element Basements
Form subdivision Juvenile films.
9 (RLIN) 6509209
650 #1 - SUBJECT ADDED ENTRY--TOPICAL TERM
Topical term or geographic name as entry element Tourists
Form subdivision Drama.
9 (RLIN) 5756507
650 #1 - SUBJECT ADDED ENTRY--TOPICAL TERM
Topical term or geographic name as entry element Torture sites
Form subdivision Drama.
9 (RLIN) 6509210
650 #1 - SUBJECT ADDED ENTRY--TOPICAL TERM
Topical term or geographic name as entry element Wax figures
Form subdivision Drama.
9 (RLIN) 6509211
650 #1 - SUBJECT ADDED ENTRY--TOPICAL TERM
Topical term or geographic name as entry element Basements
Form subdivision Drama.
9 (RLIN) 5798792
650 #8 - SUBJECT ADDED ENTRY--TOPICAL TERM
Topical term or geographic name as entry element Tourist trade
Form subdivision Juvenile films.
9 (RLIN) 6509212
650 #8 - SUBJECT ADDED ENTRY--TOPICAL TERM
Topical term or geographic name as entry element Torture sites
Form subdivision Juvenile films.
9 (RLIN) 6509207
650 #8 - SUBJECT ADDED ENTRY--TOPICAL TERM
Topical term or geographic name as entry element Wax figures
Form subdivision Juvenile films.
9 (RLIN) 6509208
650 #8 - SUBJECT ADDED ENTRY--TOPICAL TERM
Topical term or geographic name as entry element Basements
Form subdivision Juvenile films.
9 (RLIN) 6509209
655 #0 - INDEX TERM--GENRE/FORM
Genre/form data or focus term Fantasy television programs.
9 (RLIN) 102697
655 #0 - INDEX TERM--GENRE/FORM
Genre/form data or focus term Horror television programs.
9 (RLIN) 6185942
655 #0 - INDEX TERM--GENRE/FORM
Genre/form data or focus term Thrillers (Motion pictures, television, etc.)
9 (RLIN) 6185943
655 #0 - INDEX TERM--GENRE/FORM
Genre/form data or focus term Television programs for children.
9 (RLIN) 6185944
655 #0 - INDEX TERM--GENRE/FORM
Genre/form data or focus term Animated television programs.
9 (RLIN) 6185945
650 #0 - SUBJECT ADDED ENTRY--TOPICAL TERM
Topical term or geographic name as entry element Films for the hearing impaired.
9 (RLIN) 82528
655 #0 - INDEX TERM--GENRE/FORM
Genre/form data or focus term Fiction television programs.
9 (RLIN) 5673656
655 #0 - INDEX TERM--GENRE/FORM
Genre/form data or focus term Television programs.
9 (RLIN) 6185946
655 #7 - INDEX TERM--GENRE/FORM
Genre/form data or focus term Fantasy
Form subdivision Animation
-- Television series.
Source of term migfg
9 (RLIN) 5708636
655 #7 - INDEX TERM--GENRE/FORM
Genre/form data or focus term Horror
Form subdivision Animation
-- Television series.
Source of term migfg
9 (RLIN) 6477368
655 #7 - INDEX TERM--GENRE/FORM
Genre/form data or focus term Thriller
Form subdivision Animation
-- Television series.
Source of term migfg
9 (RLIN) 6477369
655 #7 - INDEX TERM--GENRE/FORM
Genre/form data or focus term Children's
Form subdivision Animation
-- Television series.
Source of term migfg
9 (RLIN) 5714204
655 #7 - INDEX TERM--GENRE/FORM
Genre/form data or focus term Fantasy television programs.
Source of term gsafd
9 (RLIN) 102697
655 #7 - INDEX TERM--GENRE/FORM
Genre/form data or focus term Horror television programs.
Source of term gsafd
9 (RLIN) 6185942
655 #7 - INDEX TERM--GENRE/FORM
Genre/form data or focus term Suspense television programs.
Source of term gsafd
9 (RLIN) 102764
655 #7 - INDEX TERM--GENRE/FORM
Genre/form data or focus term Animated television programs.
Source of term gsafd
9 (RLIN) 6185945
655 #7 - INDEX TERM--GENRE/FORM
Genre/form data or focus term Television serials.
Source of term gsafd
9 (RLIN) 6185949
700 1# - ADDED ENTRY--PERSONAL NAME
Personal name Fruet, William.
9 (RLIN) 6185950
700 1# - ADDED ENTRY--PERSONAL NAME
Personal name Short, Kathryn.
9 (RLIN) 6185951
700 1# - ADDED ENTRY--PERSONAL NAME
Personal name Sevier, Corey.
9 (RLIN) 5828901
700 1# - ADDED ENTRY--PERSONAL NAME
Personal name Henderson, Rebecca.
9 (RLIN) 60516
700 1# - ADDED ENTRY--PERSONAL NAME
Personal name McGrath, Blake.
9 (RLIN) 6185952
700 1# - ADDED ENTRY--PERSONAL NAME
Personal name Stine, R. L.
9 (RLIN) 25002
700 1# - ADDED ENTRY--PERSONAL NAME
Personal name Stine, R. L.
Title of a work Goosebumps.
9 (RLIN) 41037
710 2# - ADDED ENTRY--CORPORATE NAME
Corporate name or jurisdiction name as entry element Protocol Entertainment Production
9 (RLIN) 6185953
710 2# - ADDED ENTRY--CORPORATE NAME
Corporate name or jurisdiction name as entry element Scholastic Entertainment, Inc.
9 (RLIN) 71759
710 2# - ADDED ENTRY--CORPORATE NAME
Corporate name or jurisdiction name as entry element Twentieth Century Fox Home Entertainment, Inc.
9 (RLIN) 61951
730 0# - ADDED ENTRY--UNIFORM TITLE
Uniform title Goosebumps (Television program)
9 (RLIN) 6134425
942 ## - ADDED ENTRY ELEMENTS (KOHA)
Koha item type DVD
994 ## -
-- C0
-- UINTA
998 ## - LOCAL CONTROL INFORMATION (RLIN)
-- a118152
Holdings
Withdrawn status Lost status Source of classification or shelving scheme Damaged status Not for loan Collection code Home library Current library Shelving location Date acquired Source of acquisition Cost, normal purchase price Total Checkouts Total Renewals Full call number Barcode Checked out Date last seen Date checked out Cost, replacement price Price effective from Koha item type
  Long Overdue (Lost) Dewey Decimal Classification     Movies Wasatch County Library Wasatch County Library Audio Visual Area 02/14/2020 Donation 6.59 6 5 DVD Goo 34301001679960 12/02/2024 11/13/2024 11/13/2024 6.59 03/20/2020 DVD
This project was made possible through a grant from the Institute of Museum and Library Service administered by the Utah State Library Division.

Wasatch County Library

  • 465 East 1200 South, Heber City, Utah 84032
  • Phone 435-654-1511 | Fax 435-654-6456

Hours

  • Monday - Friday 9:30 AM - 8:00 PM
  • Saturday 9:30 AM - 1:30 PM
  • Closed Sundays and Holidays